TV Series by Plot Quiz Stats

 Plays Quiz not verified by Sporcle

Support Sporcle.
Go Orange.
Score 0/15 Timer 04:00
0 Plays Today
Plot Series % Correct
A woman who moves into an apartment next door to two brilliant but socially awkward physicists shows them how little they know about life outside of the laboratory.Big Bang Theory
93.9%
A mockumentary on a group of typical office workers, where the workday consists of ego clashes, inappropriate behavior, and tedium. Based on the hit BBC series.The Office
90.8%
A satirical look at an extended family and the trials they face in each of their own uniquely comedic ways.Modern Family
84.7%
A high school girl is torn between two vampire brothers.Vampire Diaries
84%
head writer of the sketch comedy show 'TGS with Tracy Jordan', must deal with an arrogant new boss and a crazy new star, all while trying to run a successful TV show30 Rock
84%
A drama about one of New York's most prestigious ad agencies at the beginning of the 1960s, focusing on one of the firm's most mysterious but extremely talented ad executivesMad Men
81.6%
Secrets and truths unfold through the lives of female friends in one suburban neighborhood, after the mysterious suicide of a neighbor.Desperate Housewives
79.1%
A novice sleuth is hired by the police after he cons them into thinking he has psychic powers that help solve crimes. With this assistance of his reluctant best friend the duo takePsych
78.5%
Plot Series % Correct
A man searches for the woman of his dreams in New York City with the help of his four best friends.How I Met Your Mother
78.5%
Film star Vince Chase navigates the vapid terrain of Los Angeles with a close circle of friends and his trusty agent.Entourage
78.5%
Privileged teenagers attend an elite private school in New York City. Based on Alloy Entertainment's book series. Gossip Girl
72.4%
When a twenty-something computer geek inadvertently downloads critical government secrets into his brain, CIA and NSA assign two agents to protect him Chuck
58.9%
A criminal agrees to help the FBI catch criminals using his expertise as an art and securities thief, counterfeiter and racketeer. White Collar
44.8%
a show about six teenage witches form a coven in Chance Harbor, Washington.Secret Circle
25.8%
He's got it all: a loving wife, good friends, a successful career, a great home..what could possibly go wrong for Larry DavidCurb Your Enthusiasm
11%

You're not logged in!

Compare scores with friends on all Sporcle quizzes.
OR
Log In

From the Vault

City Per Risk Territory

by miyomiyo1

If only the real world were broken up like the Risk board...then there would only be 42 different regions to memorize.
Remove Ads.
Support Sporcle.
Get the best of Sporcle when you Go Orange. This ad-free experience offers more features, more stats, and more fun while also helping to support Sporcle. Thank you for becoming a member.

Show Comments

Extras

Created Apr 9, 2012ReportNominate
Tags:channel, plot

Top Quizzes Today


Score Distribution

Your Account Isn't Verified!

In order to create a playlist on Sporcle, you need to verify the email address you used during registration. Go to your Sporcle Settings to finish the process.

Report this User

Report this user for behavior that violates our Community Guidelines.

Details: